000 00502nam a2200205Ia 4500
008 170918s9999 xx 000 0 und d
020 _a439098335
050 _bF683 1999
100 _aFontes, Justine Korman
245 4 _aThe christmas cub /
245 _cJustine Korman Fontes.
260 _aNew York :
260 _bScholastic,
260 _c1999
300 _aunpaged :
300 _bcolored illustration ;
300 _c23cm.
440 _aScholastic reader level 2.
500 _a170
999 _c341006
_d341006